01281nkm a2200277 i 45000010005000000030009000050050017000140070006000310080041000371000024000782450149001022600029002513000039002805000035003195110098003545180181004526000042006336000031006756000029007066000039007356100064007747100022008387100024008608520026008848560093009103129ES-MaACL20250713062556.0khrbo041122s1982 sp --- g |001||spa d0 aAlfonso,d1902-199010aPresentación del libro "El ángel caido: la imagen artística del ángel en el mundo contemporáneo" [hFotografía] / cAlfonso (sello). a[S.l. : bs.n.], c1982. a4 fot. : bb. y n. ; c12 x 18 cm. aDatos basados en invitación.0 aIntervienen: José Luis Aranguren, José Gómez Caffarena, Román Gubern, Carlos París. aActo organizado por el Ateneo de Madrid en colaboración con la editorial Anagrama, celebrado en la sala de conferencias el miércoles 15 de diciembre de 1982, a las 20:00 h.14aAranguren, José Luis L.,d1909-199614aGómez Caffarena, José.14aGubern, Román, d1934-17aParís, Carlos,d1925-20142embne24aAteneo de Madrid-xActos culturales-y1982-vFotografías.2 aAteneo de Madrid.2 aEditorial Anagrama. aES-MaACLjFOT 74/19824 uhttp://www.ateneodemadrid.net/biblioteca_digital/imagenes/1982/0074-1982.jpgzVer imagen